Score 0/20 Timer 07:00
14 Plays Today
% Correct
John Adams
95.5%
Augustus
73.4%
Alexander the Great
71.7%
Idi Amin
68%
John Quincy Adams
61.6%
Bashar al-Assad
61.3%
Chester A. Arthur
60.6%
Mustafa Kemal Atatürk
49%
Corazon Aquino
46.2%
Shinzō Abe
45.7%
% Correct
Yuri Andropov
42.9%
Clement Attlee
42.1%
Abdullah
35%
Alfred the Great
34.4%
Konrad Adenauer
33.9%
Salvador Allende
31.9%
Mahmoud Ahmadinejad
28%
Akhenaten
18.1%
Herbert Henry Asquith
16.1%
Bertie Ahern
13.3%
Remove Ads.
Support Sporcle.
Get the best of Sporcle when you Go Orange. This ad-free experience offers more features, more stats, and more fun while also helping to support Sporcle. Thank you for becoming a member.

You're not logged in!

Compare scores with friends on all Sporcle quizzes.
OR
Log In

Show Comments

Extras

Top Quizzes Today


Score Distribution

Your Account Isn't Verified!

In order to create a playlist on Sporcle, you need to verify the email address you used during registration. Go to your Sporcle Settings to finish the process.

Report this User

Report this user for behavior that violates our Community Guidelines.

Details: